000 00578nam a2200193 a 4500
005 20240910064223.0
008 991125s1974 es 000 0 spa u
020 _a8434407590
035 _aUPN01000036089
049 _aCG
050 4 _aGN8
_bM3.48
100 1 _aMalinowski, Bronislaw,
_d1884-1942
245 1 0 _aMagia, ciencia, religión /
_cBronislaw Malinowski ; intr. Robert Redfield ; tr. Antonio Pérez Ramos.
260 _aBarcelona, Esp. :
_bAriel,
_c1974.
300 _a335 p.
440 0 _aAriel quincenal ;
_v101
650 2 _aAntropología
_94499
905 _aLibro
999 _c36089
_d36089